AAAS atlas of population & environment / (Registro nro. 2713)
[ vista simple ]
| 000 -CABECERA | |
|---|---|
| Campo de control | 01523cam a22002894a 4500 |
| 005 - FECHA Y HORA DE LA ULTIMA TRANSACCION | |
| Campo de control | 20160122142311.0 |
| 008 - ELEMENTOS DE LONGITUD FIJA—INFORMACION GENERAL | |
| Campo de control | 001120s2000 cauab b s001 0 eng |
| 020 ## - ISBN | |
| ISBN | 0520230817 (cloth : alk. paper) |
| 020 ## - ISBN | |
| ISBN | 0520230841 (pbk. : alk. paper) |
| 040 ## - FUENTE DE CATALOGACIÓN | |
| Agencia catalogadora original | DLC |
| Agencia transcriptora | DLC |
| Agencia Modificadora | DLC |
| -- | CO.BOIAvH |
| 041 ## - IDIOMA | |
| Código de idioma para texto/pista de sonido o título separado | Inglés |
| 044 ## - PAÍS DE PUBLICACIÓN | |
| País de publicación | Estados Unidos |
| 082 00 - NUMERO DE CLASIFICACION DECIMAL DEWEY | |
| Número de clasificación | 333.7082 |
| Número del ítem | H31a |
| 100 1# - ASIENTO PRINCIPAL--NOMBRE PERSONAL | |
| Nombre personal | Harrison, Paul. |
| Fechas asociadas con el nombre | 1945- |
| 9 (RLIN) | 53782 |
| 245 10 - MENCION DE TITULO | |
| Título | AAAS atlas of population & environment / |
| Mención de responsabilidad | Paul Harrison y Fred Pearce ; prólogo de Peter H. Raven. |
| 246 30 - FORMA VARIANTE DEL TITULO | |
| Título propiamente dicho/forma breve del título | Atlas of population and environment |
| 260 ## - PUBLICACION, DISTRIBUCION, ETC. (PIE DE IMPRENTA) | |
| Lugar de publicación, distribución, etc. | Berkeley, CA : |
| Nombre del editor, distribuidor, etc. | University of California Press, |
| Fecha de publicación, distribución, etc. | c2000. |
| 300 ## - DESCRIPCION FISICA | |
| Extensión | xi, 204 páginas : |
| Otros detalles físicos | ilustraciones a color, mapas ; |
| Dimensiones | 29 centímetros. |
| 500 ## - NOTA GENERAL | |
| Nota general | Prólogo de Peter H. Raven.<br/>Titularidad: Asociación Americana para el Avance de la Ciencia. |
| 504 ## - NOTA DE BIBLIOGRAFIA, ETC. | |
| Nota de bibliografía | Incluye referencias bibliográficas e indice. |
| 520 1# - NOTA DE RESUMEN, ETC. | |
| Nota de resumen | Este volumen analiza e ilustra los efectos de la población mundial sobre los recursos naturales, el uso de la tierra, la atmósfera, los productos químicos, los desechos, los ecosistemas y la biodiversidad. Está llena de mapas de alta calidad, gráficos e ilustraciones informativas. "-" Fuentes pendientes de Referencia, "Bibliotecas americanas, mayo de 2002. |
| 650 #0 - ASIENTO SECUNDARIO DE MATERIA - TERMINO TEMATICO | |
| Término temático o nombre geográfico como elemento de entrada | Población |
| Subdivisión general | Aspectos ambientales |
| 9 (RLIN) | 53783 |
| 650 #0 - ASIENTO SECUNDARIO DE MATERIA - TERMINO TEMATICO | |
| Término temático o nombre geográfico como elemento de entrada | Población |
| Subdivisión de forma | Mapas |
| Subdivisión general | Aspectos ambientales |
| 9 (RLIN) | 53784 |
| 700 1# - ASIENTO SECUNDARIO - NOMBRE PERSONAL | |
| Nombre personal | Pearce, Fred. |
| 9 (RLIN) | 17108 |
| 710 2# - ASIENTO SECUNDARIO - NOMBRE CORPORATIVO | |
| Nombre corporativo o de jurisdicción como elemento de entrada | American Association for the Advancement of Science |
| 9 (RLIN) | 41980 |
| 942 ## - ELEMENTOS ADICIONALES (KOHA) | |
| Sistema de clasificación | Dewey Decimal Classification |
| Tipo de ítem | Libro |
| Withdrawn status | Lost status | Sistema de Clasificación | Damaged status | No para préstamo | Colección | Inventariado | Ubicación Permanente | Ubicación actual | Fecha de adquisición | Fuente de Valor | Valor | Total Checkouts | Número topográfico | Inventario / Código de Barras | Date last seen | Ejemplar | Price effective from | Forma de adquisición | Tipo de material |
|---|---|---|---|---|---|---|---|---|---|---|---|---|---|---|---|---|---|---|---|
| Dewey Decimal Classification | General | Inventariado 2017 | Bogotá | Bogotá | 13/06/2002 | Instituto | 39000.00 | LB-333.7082 H31a | 004915 | 04/12/2012 | Ej. 1 | 04/12/2012 | Compra | Libro |